[Event "Titled Tuesday intern op 14th Nov Early"]
[Site "Chess.com INT"]
[Date "2023.11.14"]
[Round "5"]
[White "Cardenas Carbajal, Nilson"]
[Black "Mayaud, Raphael"]
[Result "0-1"]
[WhiteElo "2076"]
[BlackElo "2183"]
[PlyCount "38"]
[EventDate "2023.11.14"]
[EventType "swiss (blitz)"]
[EventRounds "11"]
[EventCountry "USA"]
[SourceTitle "CB47_2023"]
[SourceDate "2023.11.22"]
[SourceVersion "1"]
[SourceVersionDate "2023.11.22"]
[SourceQuality "1"]

1. e4 d5 2. exd5 Qxd5 3. Nc3 Qa5 4. d4 c6 5. Nf3 Nf6 6. Bc4 Bf5 7. Bd2 e6 8. Qe2 Bb4 9. h3 Nbd7 10. g4 Bg6 11. a3 0-0-0 12. 0-0 Bxc3 13. Bxc3 Qc7 14. b4 h5 15. g5 Nd5 16. Bd2 Nf4 17. Bxf4 Qxf4 18. b5 Be4 19. Ne5 Nxe5 0-1

[Event "Titled Tuesday intern op 14th Nov Early"]
[Site "Chess.com INT"]
[Date "2023.11.14"]
[Round "9"]
[White "Garcia Molina, Jose"]
[Black "Cardenas Carbajal, Nilson"]
[Result "1-0"]
[WhiteElo "2212"]
[BlackElo "2076"]
[PlyCount "65"]
[EventDate "2023.11.14"]
[EventType "swiss (blitz)"]
[EventRounds "11"]
[EventCountry "USA"]
[SourceTitle "CB47_2023"]
[SourceDate "2023.11.22"]
[SourceVersion "1"]
[SourceVersionDate "2023.11.22"]
[SourceQuality "1"]

1. Nf3 d5 2. d4 Nf6 3. c4 c6 4. Nc3 e6 5. Bg5 Be7 6. e3 Nbd7 7. Bd3 0-0 8. 0-0 dxc4 9. Bxc4 b5 10. Bd3 a6 11. a3 c5 12. Qe2 Bb7 13. Rad1 Qb6 14. Bb1 Rac8 15. dxc5 Nxc5 16. b4 Ncd7 17. Rxd7 Nxd7 18. Bxe7 Rxc3 19. Bxf8 Kxf8 20. Qd2 Qc6 21. Be4 Qxe4 22. Qxc3 Nf6 23. Rd1 Bd5 24. Qc8+ Ke7 25. Qc7+ Nd7 26. Rc1 Bc4 27. Nd4 Bd5 28. Qg3 Nf6 29. Rc7+ Nd7 30. h3 g6 31. Kh2 f5 32. Qg5+ Kd6 33. Rc1 1-0

[Event "Titled Tuesday intern op 14th Nov Early"]
[Site "Chess.com INT"]
[Date "2023.11.14"]
[Round "6"]
[White "Todev, Simeon"]
[Black "Cardenas Carbajal, Nilson"]
[Result "1-0"]
[WhiteElo "1999"]
[BlackElo "2076"]
[PlyCount "37"]
[EventDate "2023.11.14"]
[EventType "swiss (blitz)"]
[EventRounds "11"]
[EventCountry "USA"]
[SourceTitle "CB47_2023"]
[SourceDate "2023.11.22"]
[SourceVersion "1"]
[SourceVersionDate "2023.11.22"]
[SourceQuality "1"]

1. e4 e5 2. Nf3 Nc6 3. d4 exd4 4. Bc4 Nf6 5. 0-0 Nxe4 6. Re1 d5 7. Bxd5 Qxd5 8. Nc3 Qd8 9. Nxe4 Be7 10. Bg5 0-0 11. Bxe7 Qxe7 12. Nxd4 Nxd4 13. Qxd4 Be6 14. Nc5 Rad8 15. Qe5 Rfe8 16. Nxb7 Rd2 17. Qc3 Qg5 18. Re3 Bd5 19. Rxe8# 1-0

[Event "Titled Tuesday intern op 05th Sep Late"]
[Site "Chess.com INT"]
[Date "2023.09.05"]
[Round "1"]
[White "Domingo Nunez, Alejandro"]
[Black "Cardenas Carbajal, Nilson"]
[Result "1/2-1/2"]
[WhiteElo "2313"]
[BlackElo "2109"]
[PlyCount "143"]
[EventDate "2023.09.05"]
[EventType "swiss (blitz)"]
[EventRounds "11"]
[EventCountry "USA"]
[SourceTitle "EXT 2024"]
[Source "ChessBase"]
[SourceDate "2023.10.10"]
[SourceVersion "1"]
[SourceVersionDate "2023.10.10"]
[SourceQuality "1"]

1. Nf3 d5 2. g3 g6 3. Bg2 Bg7 4. d4 Nf6 5. 0-0 0-0 6. c4 dxc4 7. Na3 c3 8. bxc3 c5 9. Bb2 Nc6 10. Nc4 Be6 11. Ne3 Nd5 12. Nxd5 Bxd5 13. Re1 f5 14. e3 c4 15. a4 Na5 16. Ba3 Nb3 17. Ra2 Qd7 18. Nd2 Bxg2 19. Kxg2 Qxa4 20. Kg1 Rfe8 21. Qc2 Qc6 22. Nxb3 cxb3 23. Qxb3+ Kh8 24. Rb1 Rac8 25. Qxb7 Qxc3 26. Bxe7 Rc7 27. Qd5 Rcxe7 28. Rb3 Qe1+ 29. Kg2 Qd1 30. Rba3 h5 31. h4 Qg4 32. Rxa7 Rxa7 33. Rxa7 Qe4+ 34. Qxe4 fxe4 35. Ra6 Kh7 36. Kf1 Rc8 37. Re6 Rc1+ 38. Kg2 Rc2 39. Rxe4 Bh6 40. Kf3 Ra2 41. Re7+ Bg7 42. Rf7 Kg8 43. Rf4 Ra1 44. Ke4 Ra2 45. Kd5 Rb2 46. Kc4 Ra2 47. d5 Ra4+ 48. Kb5 Rxf4 49. gxf4 Kf8 50. Kc6 Ke8 51. e4 Kd8 52. e5 Bf8 53. d6 Bg7 54. Kd5 Kd7 55. e6+ Kd8 56. f5 gxf5 57. d7 Bf6 58. f3 Bxh4 59. Ke5 Be7 60. Kxf5 Kc7 61. Kf4 Kd6 62. Kg3 Kxe6 63. d8Q Bxd8 64. Kh3 h4 65. f4 Kf5 66. Kg2 Kxf4 67. Kh2 Kf3 68. Kh1 Kf2 69. Kh2 h3 70. Kh1 Be7 71. Kh2 Bg5 72. Kxh3 1/2-1/2

[Event "Speed Chess Q2 Sw"]
[Site "Chess.com INT"]
[Date "2023.08.23"]
[Round "7"]
[White "Cardenas Carbajal, Nilson"]
[Black "Bongo Akanga Ndjila, Barthelemy"]
[Result "1-0"]
[WhiteElo "2126"]
[BlackElo "1824"]
[PlyCount "171"]
[EventDate "2023.08.23"]
[EventType "swiss (blitz)"]
[EventRounds "14"]
[EventCountry "USA"]
[SourceTitle "CBM 215 Extra"]
[Source "ChessBase"]
[SourceDate "2023.09.30"]
[SourceVersion "1"]
[SourceVersionDate "2023.09.30"]
[SourceQuality "1"]

1. e4 e6 2. d4 d5 3. Nd2 c5 4. Ngf3 Nf6 5. exd5 exd5 6. Bb5+ Bd7 7. Qe2+ Be7 8. 0-0 c4 9. b3 cxb3 10. axb3 0-0 11. Bxd7 Nbxd7 12. c4 b6 13. Ne5 Bd6 14. Ndf3 Re8 15. Bg5 h6 16. Bh4 Qc7 17. Bg3 Ne4 18. Rfe1 Nxg3 19. hxg3 Nf6 20. Qd3 Bb4 21. Re2 a5 22. g4 Re7 23. g5 hxg5 24. Nxg5 Rae8 25. Re3 Bd6 26. Rh3 Bxe5 27. Nh7 g6 28. dxe5 Qxe5 29. Nxf6+ Qxf6 30. Rf1 dxc4 31. Qxc4 Re4 32. Qb5 R8e6 33. Qa6 Kg7 34. Qb7 Re8 35. Rf3 Qe6 36. Rd1 Re1+ 37. Rxe1 Qxe1+ 38. Kh2 Rh8+ 39. Kg3 Qe5+ 40. Rf4 g5 41. Qxf7+ Kh6 42. Qf6+ Qxf6 43. Rxf6+ Kg7 44. Rxb6 Ra8 45. Rb5 Kg6 46. Kg4 Ra6 47. Rxg5+ Kf6 48. Rb5 a4 49. bxa4 Rxa4+ 50. f4 Ra2 51. g3 Ra1 52. Rb6+ Kg7 53. f5 Ra4+ 54. Kg5 Ra3 55. g4 Ra5 56. Rb7+ Kg8 57. Kg6 Ra6+ 58. f6 Ra8 59. Rg7+ Kh8 60. Rc7 Rg8+ 61. Kf5 Rf8 62. g5 Ra8 63. g6 Ra5+ 64. Ke6 Ra6+ 65. Kf7 Ra8 66. Re7 Rf8+ 67. Ke6 Rg8 68. g7+ Kh7 69. Rf7 Re8+ 70. Re7 Rg8 71. Kf7 Ra8 72. Re8 Ra7+ 73. Re7 Ra8 74. Rd7 Rb8 75. Rd5 Rb7+ 76. Ke6 Kg8 77. Rd8+ Kh7 78. g8Q+ Kh6 79. Qh8+ Kg5 80. Qg8+ Kf4 81. Qe8 Rb6+ 82. Rd6 Rb5 83. Qg6 Rg5 84. Rd4+ Ke3 85. Qxg5+ Kxd4 86. Qh4+ 1-0

[Event "Speed Chess Q2 Sw"]
[Site "Chess.com INT"]
[Date "2023.08.23"]
[Round "12"]
[White "Osinovsky, Stepan"]
[Black "Cardenas Carbajal, Nilson"]
[Result "0-1"]
[WhiteElo "2241"]
[BlackElo "2126"]
[PlyCount "90"]
[EventDate "2023.08.23"]
[EventType "swiss (blitz)"]
[EventRounds "14"]
[EventCountry "USA"]
[SourceTitle "CBM 215 Extra"]
[Source "ChessBase"]
[SourceDate "2023.09.30"]
[SourceVersion "1"]
[SourceVersionDate "2023.09.30"]
[SourceQuality "1"]

1. e4 e5 2. Nf3 Nc6 3. Bc4 Nf6 4. d3 Bc5 5. Nc3 d6 6. a3 a6 7. h3 Be6 8. Nd5 Bxd5 9. exd5 Ne7 10. Bg5 Ng6 11. d4 exd4 12. Qe2+ Qe7 13. Qxe7+ Kxe7 14. 0-0-0 h6 15. Rhe1+ Kd7 16. Bxf6 gxf6 17. Nxd4 Rae8 18. Rxe8 Rxe8 19. g3 Ne5 20. f4 Nxc4 21. Nf3 Re3 22. Nh4 Rxg3 23. b3 Bxa3+ 24. Kb1 Ne3 25. Rd3 Bc5 26. Kb2 Rxh3 27. Nf5 Rf3 28. b4 Nxf5 29. Rxf3 Bxb4 30. Rh3 Bc5 31. c4 Be3 32. Kc3 Bxf4 33. Rf3 Be5+ 34. Kb4 Nd4 35. Rh3 b6 36. Rxh6 a5+ 37. Ka4 f5 38. Rh7 Ke7 39. c5 bxc5 40. Kxa5 f4 41. Ka6 f3 42. Rh1 f2 43. Rf1 Bg3 44. Kb7 Kd7 45. Ka6 Nf3 0-1

[Event "Titled Tuesday intern op 15th Aug Early"]
[Site "Chess.com INT"]
[Date "2023.08.15"]
[Round "7"]
[White "Mesa Cruz, Juan Carlos"]
[Black "Cardenas Carbajal, Nilson"]
[Result "1/2-1/2"]
[WhiteElo "2145"]
[BlackElo "2126"]
[PlyCount "139"]
[EventDate "2023.08.15"]
[EventType "swiss (blitz)"]
[EventRounds "11"]
[EventCountry "USA"]
[SourceTitle "EXT 2024"]
[Source "ChessBase"]
[SourceDate "2023.10.10"]
[SourceVersion "1"]
[SourceVersionDate "2023.10.10"]
[SourceQuality "1"]

1. d4 e6 2. Nf3 d5 3. g3 Nf6 4. Bg2 c5 5. c3 Nc6 6. 0-0 Be7 7. Nbd2 0-0 8. b3 b6 9. Bb2 Ba6 10. Re1 Rc8 11. e4 dxe4 12. Nxe4 cxd4 13. Nxd4 Nxd4 14. Nxf6+ Bxf6 15. cxd4 Qd7 16. Rc1 Rxc1 17. Qxc1 Bxd4 18. Bxd4 Qxd4 19. Qa3 Qc3 20. Rc1 Qa5 21. Qxa5 bxa5 22. Bf1 Rc8 23. Rd1 Bxf1 24. Kxf1 h6 25. Rd7 Rc2 26. Rxa7 Rxa2 27. b4 a4 28. b5 Ra1+ 29. Ke2 a3 30. b6 a2 31. b7 Rb1 32. Ra8+ Kh7 33. Rxa2 Rxb7 34. h4 g6 35. Kf3 Rb4 36. Rc2 Kg7 37. Rc5 Rb3+ 38. Ke2 Kf6 39. Ra5 g5 40. hxg5+ hxg5 41. Rc5 e5 42. g4 Rb4 43. f3 e4 44. Rf5+ Kg6 45. Ke3 exf3 46. Kxf3 f6 47. Kg3 Re4 48. Kf3 Re5 49. Rxe5 fxe5 50. Ke4 Kf6 51. Kd5 e4 52. Kxe4 Ke6 53. Kd4 Kd6 54. Ke4 Ke6 55. Kd3 Ke5 56. Ke3 Kd5 57. Kd3 Ke5 58. Ke3 Kd5 59. Kf3 Kd4 60. Kf2 Ke4 61. Kg3 Ke3 62. Kh3 Kf4 63. Kh2 Kf3 64. Kh3 Kf4 65. Kh2 Kxg4 66. Kg2 Kf4 67. Kf2 Kg4 68. Kg2 Kf4 69. Kf2 Kg4 70. Kg2 1/2-1/2

[Event "Titled Tuesday intern op 25th Jul Late"]
[Site "Chess.com INT"]
[Date "2023.07.25"]
[Round "1"]
[White "Cardenas Carbajal, Nilson"]
[Black "Garakov, Mikhael"]
[Result "0-1"]
[WhiteElo "2126"]
[BlackElo "2447"]
[PlyCount "74"]
[EventDate "2023.07.25"]
[EventType "swiss (blitz)"]
[EventRounds "11"]
[EventCountry "USA"]
[SourceTitle "EXT 2024"]
[Source "ChessBase"]
[SourceDate "2023.10.10"]
[SourceVersion "1"]
[SourceVersionDate "2023.10.10"]
[SourceQuality "1"]

1. e4 c5 2. d4 cxd4 3. c3 g6 4. cxd4 Bg7 5. Nf3 d6 6. Bc4 Nf6 7. Qe2 0-0 8. 0-0 Bg4 9. h3 Bxf3 10. Qxf3 Nc6 11. Rd1 Nd7 12. Be3 Qb6 13. Qe2 Nxd4 14. Qd2 e5 15. Nc3 Nc5 16. Nd5 Qd8 17. f3 Nce6 18. Rac1 Kh8 19. a3 f5 20. b4 fxe4 21. fxe4 Qh4 22. Bd3 Rf7 23. Rf1 Rxf1+ 24. Rxf1 Rf8 25. Rxf8+ Bxf8 26. Be2 Qxe4 27. Nf6 Qf5 28. Nd7 Bg7 29. Bg4 Qf7 30. Qa2 h5 31. Bxd4 hxg4 32. Bxa7 Qxd7 33. Qd5 Nf4 34. Qe4 gxh3 35. gxh3 Qxh3 36. Bb8 d5 37. Qf3 Qxf3 0-1

[Event "Titled Tuesday intern op 25th Jul Early"]
[Site "Chess.com INT"]
[Date "2023.07.25"]
[Round "9"]
[White "Cardenas Carbajal, Nilson"]
[Black "Vifleemskaia, Svetlana"]
[Result "0-1"]
[WhiteElo "2126"]
[BlackElo "1971"]
[PlyCount "98"]
[EventDate "2023.07.25"]
[EventType "swiss (blitz)"]
[EventRounds "11"]
[EventCountry "USA"]
[SourceTitle "EXT 2024"]
[Source "ChessBase"]
[SourceDate "2023.10.10"]
[SourceVersion "1"]
[SourceVersionDate "2023.10.10"]
[SourceQuality "1"]

1. e4 e5 2. Nf3 Nc6 3. Bc4 Nf6 4. d3 Be7 5. c3 0-0 6. 0-0 d5 7. exd5 Nxd5 8. Re1 Nb6 9. Bb5 f6 10. a4 a5 11. Na3 Bg4 12. h3 Bh5 13. Be3 Nd5 14. Bc4 Kh8 15. g4 Nxe3 16. fxe3 Bg6 17. d4 Bd6 18. Nb5 f5 19. Nxd6 cxd6 20. dxe5 fxg4 21. hxg4 Qc8 22. e6 Ne5 23. Bd5 Nxf3+ 24. Bxf3 Qxe6 25. Kg2 Rab8 26. Qd4 b5 27. Rh1 Qf6 28. Rhf1 Qe5 29. Qxe5 dxe5 30. axb5 Rxb5 31. Rf2 Rfb8 32. b4 axb4 33. cxb4 Rxb4 34. Bd5 Rxg4+ 35. Kh2 Rh4+ 36. Kg2 Rhb4 37. Ra7 h6 38. e4 Bxe4+ 39. Bxe4 Rxe4 40. Rff7 Rg4+ 41. Kf3 Rg5 42. Ke4 Rb4+ 43. Kd5 Rd4+ 44. Ke6 e4 45. Rf8+ Kh7 46. Raa8 e3 47. Kf7 Rf5+ 48. Ke6 Rxf8 49. Rxf8 e2 0-1

[Event "Titled Tuesday intern op 25th Jul Late"]
[Site "Chess.com INT"]
[Date "2023.07.25"]
[Round "3"]
[White "Villa Tornero, Alex"]
[Black "Cardenas Carbajal, Nilson"]
[Result "1-0"]
[WhiteElo "2103"]
[BlackElo "2126"]
[PlyCount "47"]
[EventDate "2023.07.25"]
[EventType "swiss (blitz)"]
[EventRounds "11"]
[EventCountry "USA"]
[SourceTitle "EXT 2024"]
[Source "ChessBase"]
[SourceDate "2023.10.10"]
[SourceVersion "1"]
[SourceVersionDate "2023.10.10"]
[SourceQuality "1"]

1. e4 e5 2. d4 exd4 3. Qxd4 Nc6 4. Qe3 g6 5. Nc3 Bg7 6. Bd2 Qe7 7. 0-0-0 d6 8. Nd5 Qd8 9. Nf3 Be6 10. Bb5 Nge7 11. Bc3 0-0 12. Nf6+ Kh8 13. h4 h5 14. Ng5 Ne5 15. Bxe5 dxe5 16. Rxd8 Raxd8 17. Nxe6 fxe6 18. Nd7 Rf7 19. Rd1 Kh7 20. Kb1 Bh6 21. Qb3 c6 22. Qxe6 Rg7 23. Nf6+ Kh8 24. Rxd8+ 1-0

[Event "Titled Tuesday intern op 18th Jul Early"]
[Site "Chess.com INT"]
[Date "2023.07.18"]
[Round "5"]
[White "Cardenas Carbajal, Nilson"]
[Black "De Silva, LMST"]
[Result "0-1"]
[WhiteElo "2126"]
[BlackElo "2433"]
[PlyCount "74"]
[EventDate "2023.07.18"]
[EventType "swiss (blitz)"]
[EventRounds "11"]
[EventCountry "USA"]
[SourceTitle "EXT 2024"]
[Source "ChessBase"]
[SourceDate "2023.10.10"]
[SourceVersion "1"]
[SourceVersionDate "2023.10.10"]
[SourceQuality "1"]

1. e4 c6 2. d4 d5 3. Nd2 dxe4 4. Nxe4 Bf5 5. Ng3 Bg6 6. Nf3 Nd7 7. Bd3 Bxd3 8. Qxd3 e6 9. 0-0 Ngf6 10. Re1 Be7 11. b3 0-0 12. Bb2 c5 13. c4 cxd4 14. Nxd4 Nc5 15. Qf3 Qb6 16. Ndf5 Qc7 17. Nxe7+ Qxe7 18. Nf5 Qd8 19. Rad1 exf5 20. Rxd8 Rfxd8 21. Qxf5 Ne6 22. h4 Nd7 23. h5 h6 24. Re3 Ndf8 25. Rg3 Kh8 26. Qxf7 Rd7 27. Qf3 Re8 28. Qe3 Kh7 29. Qxa7 Nf4 30. Kh2 Nxh5 31. Rg4 Rf7 32. f3 Ng6 33. Qb6 Nhf4 34. Qd6 Re2 35. Qd4 h5 36. Rg3 h4 37. Rg4 h3 0-1

[Event "Titled Tuesday intern op 18th Jul Early"]
[Site "Chess.com INT"]
[Date "2023.07.18"]
[Round "9"]
[White "Cardenas Carbajal, Nilson"]
[Black "Micic, Aleksa"]
[Result "0-1"]
[WhiteElo "2126"]
[BlackElo "2235"]
[PlyCount "56"]
[EventDate "2023.07.18"]
[EventType "swiss (blitz)"]
[EventRounds "11"]
[EventCountry "USA"]
[SourceTitle "EXT 2024"]
[Source "ChessBase"]
[SourceDate "2023.10.10"]
[SourceVersion "1"]
[SourceVersionDate "2023.10.10"]
[SourceQuality "1"]

1. e4 c5 2. d4 e6 3. Nf3 cxd4 4. c3 d3 5. Bxd3 Nc6 6. 0-0 Nf6 7. c4 d5 8. exd5 exd5 9. Re1+ Be7 10. cxd5 Nxd5 11. Ng5 Nf6 12. Qe2 0-0 13. Nc3 h6 14. Nge4 Nd4 15. Qe3 Nxe4 16. Qxe4 Bf5 17. Qxe7 Bxd3 18. Qxd8 Raxd8 19. Be3 Nc2 20. Bxa7 Nxa1 21. Rxa1 b5 22. a3 Bc4 23. Bc5 Rfe8 24. h3 Rd2 25. b4 Rc2 26. Bd4 Rd8 27. Be5 f6 28. Bc7 Rd7 0-1

[Event "Titled Tuesday intern op 18th Jul Late"]
[Site "Chess.com INT"]
[Date "2023.07.18"]
[Round "6"]
[White "Herbst, Richard"]
[Black "Cardenas Carbajal, Nilson"]
[Result "0-1"]
[WhiteElo "2122"]
[BlackElo "2126"]
[PlyCount "38"]
[EventDate "2023.07.18"]
[EventType "swiss (blitz)"]
[EventRounds "11"]
[EventCountry "USA"]
[SourceTitle "EXT 2024"]
[Source "ChessBase"]
[SourceDate "2023.10.10"]
[SourceVersion "1"]
[SourceVersionDate "2023.10.10"]
[SourceQuality "1"]

1. e4 e5 2. Nf3 Nc6 3. Bb5 a6 4. Ba4 Nf6 5. 0-0 Nxe4 6. Re1 Nc5 7. Bxc6 dxc6 8. Nxe5 Be7 9. d4 Ne6 10. Be3 0-0 11. c4 Bf6 12. Nc3 Re8 13. h3 c5 14. Nf3 cxd4 15. Nxd4 Nxd4 16. Bxd4 Rxe1+ 17. Qxe1 Bxd4 18. Rd1 c5 19. Nd5 Be6 0-1

[Event "Titled Tuesday intern op 11th Jul Late"]
[Site "Chess.com INT"]
[Date "2023.07.11"]
[Round "1"]
[White "Bilan, Danila"]
[Black "Cardenas Carbajal, Nilson"]
[Result "1-0"]
[WhiteElo "2303"]
[BlackElo "2126"]
[PlyCount "47"]
[EventDate "2023.07.11"]
[EventType "swiss (blitz)"]
[EventRounds "11"]
[EventCountry "USA"]
[SourceTitle "EXT 2024"]
[Source "ChessBase"]
[SourceDate "2023.10.10"]
[SourceVersion "1"]
[SourceVersionDate "2023.10.10"]
[SourceQuality "1"]

1. d4 Nf6 2. Nf3 d5 3. c4 c6 4. Nc3 e6 5. Bg5 Be7 6. e3 h6 7. Bh4 Nbd7 8. Bd3 0-0 9. 0-0 a6 10. Rc1 dxc4 11. Bxc4 b5 12. Bd3 c5 13. Ne4 cxd4 14. Nxd4 Bb7 15. Nxf6+ Bxf6 16. Bg3 Bxd4 17. exd4 Nf6 18. Be5 Qd5 19. f3 Rac8 20. Qd2 Nd7 21. Be4 Qxa2 22. Bxb7 Rcd8 23. Bc7 Rde8 24. Bd6 1-0

[Event "Titled Tuesday intern op 11th Jul Early"]
[Site "Chess.com INT"]
[Date "2023.07.11"]
[Round "5"]
[White "Cardenas Carbajal, Nilson"]
[Black "Glavina, Pablo"]
[Result "0-1"]
[WhiteElo "2126"]
[BlackElo "2415"]
[PlyCount "74"]
[EventDate "2023.07.11"]
[EventType "swiss (blitz)"]
[EventRounds "11"]
[EventCountry "USA"]
[SourceTitle "EXT 2024"]
[Source "ChessBase"]
[SourceDate "2023.10.10"]
[SourceVersion "1"]
[SourceVersionDate "2023.10.10"]
[SourceQuality "1"]

1. e4 e5 2. Nf3 Nc6 3. d4 exd4 4. Bc4 Nf6 5. 0-0 Bc5 6. e5 d5 7. Bb5 Ne4 8. Nxd4 0-0 9. Bxc6 bxc6 10. Be3 Bxd4 11. Bxd4 c5 12. Be3 Bb7 13. c3 Qe7 14. f3 Ng5 15. f4 Ne6 16. Nd2 d4 17. cxd4 cxd4 18. Bf2 Nxf4 19. Bxd4 Ne6 20. Bc3 Qc5+ 21. Kh1 Qd5 22. Qe2 Rad8 23. Nf3 Nf4 24. Qf2 Nd3 25. Qg3 Qe6 26. Nh4 Rd5 27. Nf5 Qg6 28. Ne7+ Kh8 29. Nxg6+ hxg6 30. Qh3+ Kg8 31. Qg3 Nc5 32. Rad1 Rxd1 33. Rxd1 Ne4 34. Qg4 Nf2+ 35. Kg1 Nxg4 36. Rd7 Rc8 37. Rxc7 Rxc7 0-1

[Event "Titled Tuesday intern op 11th Jul Early"]
[Site "Chess.com INT"]
[Date "2023.07.11"]
[Round "1"]
[White "Cardenas Carbajal, Nilson"]
[Black "Jaskolka, Tomasz"]
[Result "0-1"]
[WhiteElo "2126"]
[BlackElo "2238"]
[PlyCount "54"]
[EventDate "2023.07.11"]
[EventType "swiss (blitz)"]
[EventRounds "11"]
[EventCountry "USA"]
[SourceTitle "EXT 2024"]
[Source "ChessBase"]
[SourceDate "2023.10.10"]
[SourceVersion "1"]
[SourceVersionDate "2023.10.10"]
[SourceQuality "1"]

1. e4 d5 2. exd5 Nf6 3. d4 Bg4 4. Bb5+ c6 5. dxc6 Nxc6 6. Ne2 Qa5+ 7. Nbc3 0-0-0 8. Be3 e5 9. d5 Rxd5 10. Bd3 e4 11. 0-0 exd3 12. cxd3 Rd8 13. Rc1 Bd6 14. d4 Kb8 15. Qb3 Rhe8 16. Rc2 Be6 17. Qb5 Qxb5 18. Nxb5 Nd5 19. Bg5 Be7 20. Bd2 a6 21. Nbc3 Bf6 22. Be3 Bf5 23. Rcc1 Bg6 24. Rfe1 Nxe3 25. fxe3 Rxe3 26. d5 Nd4 27. Nxd4 Bxd4 0-1

[Event "Titled Tuesday intern op 11th Jul Late"]
[Site "Chess.com INT"]
[Date "2023.07.11"]
[Round "5"]
[White "Cardenas Carbajal, Nilson"]
[Black "Ward, Noah"]
[Result "1-0"]
[WhiteElo "2126"]
[BlackElo "2273"]
[PlyCount "65"]
[EventDate "2023.07.11"]
[EventType "swiss (blitz)"]
[EventRounds "11"]
[EventCountry "USA"]
[SourceTitle "EXT 2024"]
[Source "ChessBase"]
[SourceDate "2023.10.10"]
[SourceVersion "1"]
[SourceVersionDate "2023.10.10"]
[SourceQuality "1"]

1. e4 c5 2. d4 cxd4 3. c3 dxc3 4. Nxc3 Nc6 5. Nf3 d6 6. Bc4 a6 7. 0-0 e6 8. Qe2 Nf6 9. Rd1 Qc7 10. Bf4 Be7 11. Rac1 0-0 12. Bb3 Rd8 13. Nd5 exd5 14. exd5 Bf5 15. dxc6 bxc6 16. Nd4 Be4 17. Nxc6 Bxc6 18. Ba4 Rac8 19. Rxc6 Qb7 20. Rxc8 Rxc8 21. h3 d5 22. Re1 Bb4 23. Rd1 h6 24. Qf3 Bc5 25. Bxh6 Ne4 26. Be3 Qxb2 27. Bxc5 Rxc5 28. Bb3 Qe5 29. Qe3 Rc3 30. Qd4 Qf4 31. Bxd5 Rc2 32. Bxe4 Rxf2 33. Qd8# 1-0

[Event "Titled Tuesday intern op 11th Jul Early"]
[Site "Chess.com INT"]
[Date "2023.07.11"]
[Round "4"]
[White "Mejia, Cherry Ann"]
[Black "Cardenas Carbajal, Nilson"]
[Result "1-0"]
[WhiteElo "1919"]
[BlackElo "2126"]
[PlyCount "173"]
[EventDate "2023.07.11"]
[EventType "swiss (blitz)"]
[EventRounds "11"]
[EventCountry "USA"]
[SourceTitle "EXT 2024"]
[Source "ChessBase"]
[SourceDate "2023.10.10"]
[SourceVersion "1"]
[SourceVersionDate "2023.10.10"]
[SourceQuality "1"]

1. e4 e5 2. Nf3 Nc6 3. Bb5 a6 4. Ba4 Nf6 5. Qe2 b5 6. Bb3 Bc5 7. c3 d6 8. 0-0 0-0 9. Rd1 Bb6 10. d3 Qe7 11. Nbd2 Be6 12. Bc2 Bd7 13. Nf1 Bg4 14. h3 Bh5 15. Ng3 Bg6 16. Nh4 Qe6 17. Nhf5 Ne7 18. Qf3 Bxf5 19. exf5 Qd5 20. Qe2 Qb7 21. d4 exd4 22. cxd4 Rfe8 23. Be3 Ned5 24. Qf3 Rab8 25. Ne4 Qa7 26. g4 Nxe4 27. Bxe4 Nf6 28. Bc6 Re7 29. g5 Ne8 30. f6 gxf6 31. gxf6 Re6 32. Kh2 Kh8 33. Bg5 Bxd4 34. Bd5 Be5+ 35. Kg2 Rxf6 36. Bxf6+ Nxf6 37. Bxf7 c6 38. Bb3 Qg7+ 39. Kh1 Rf8 40. Qg2 Qh6 41. Rg1 Nh5 42. Qg5 Qxg5 43. Rxg5 Nf4 44. Rag1 h6 45. Rg8+ Rxg8 46. Rxg8+ Kh7 47. Ra8 Nxh3 48. Kg2 Nf4+ 49. Kf3 Nd3 50. Rxa6 c5 51. Ra7+ Kg6 52. Bc2 c4 53. Bxd3+ cxd3 54. b3 Bc3 55. Ke3 d2 56. Ke2 d5 57. Rb7 b4 58. Rd7 d4 59. Rd5 Kf6 60. Ra5 Ke6 61. a3 bxa3 62. Rxa3 Ke5 63. Ra5+ Ke4 64. f3+ Kf4 65. Ra8 h5 66. Rf8+ Kg3 67. f4 h4 68. f5 h3 69. f6 h2 70. Rh8 Kg2 71. f7 Bb4 72. Rg8+ Kh3 73. Rh8+ Kg2 74. Rg8+ Kh3 75. f8Q Bxf8 76. Rxf8 h1Q 77. Rh8+ Kg2 78. Rxh1 Kxh1 79. b4 Kg2 80. b5 d1Q+ 81. Kxd1 Kf1 82. b6 Kf2 83. b7 d3 84. b8Q Ke3 85. Qe5+ Kf3 86. Kd2 Kf2 87. Kxd3 1-0

[Event "Titled Tuesday intern op 11th Jul Early"]
[Site "Chess.com INT"]
[Date "2023.07.11"]
[Round "6"]
[White "Nugumanov, Bakhtiyar"]
[Black "Cardenas Carbajal, Nilson"]
[Result "1-0"]
[WhiteElo "2317"]
[BlackElo "2126"]
[PlyCount "77"]
[EventDate "2023.07.11"]
[EventType "swiss (blitz)"]
[EventRounds "11"]
[EventCountry "USA"]
[SourceTitle "EXT 2024"]
[Source "ChessBase"]
[SourceDate "2023.10.10"]
[SourceVersion "1"]
[SourceVersionDate "2023.10.10"]
[SourceQuality "1"]

1. e4 c5 2. Nf3 d6 3. d4 cxd4 4. Nxd4 Nf6 5. Nc3 a6 6. g3 e5 7. Nb3 Be7 8. Bg2 Be6 9. 0-0 0-0 10. a4 Nc6 11. Nd5 Rc8 12. Be3 h6 13. a5 Bxd5 14. exd5 Nb8 15. Bh3 Nbd7 16. Rc1 Rc7 17. c4 Qc8 18. Nd2 Qb8 19. b4 Rfc8 20. Bb6 Nxb6 21. axb6 Rd7 22. Bxd7 Nxd7 23. Ne4 Nxb6 24. c5 dxc5 25. bxc5 Nd7 26. c6 bxc6 27. dxc6 Nf6 28. Nxf6+ Bxf6 29. Qa4 Qa8 30. c7 h5 31. h4 e4 32. Rfd1 e3 33. fxe3 Qf3 34. Qf4 Qe2 35. Qf2 Qg4 36. Kg2 Kh7 37. Qf3 Qa4 38. Qf5+ Kg8 39. Qxc8+ 1-0

[Event "Titled Tuesday intern op 04th Jul Late"]
[Site "Chess.com INT"]
[Date "2023.07.04"]
[Round "4"]
[White "Cardenas Carbajal, Nilson"]
[Black "Slovineanu, Viacheslav"]
[Result "0-1"]
[WhiteElo "2126"]
[BlackElo "2412"]
[PlyCount "68"]
[EventDate "2023.07.04"]
[EventType "swiss (blitz)"]
[EventRounds "11"]
[EventCountry "USA"]
[SourceTitle "EXT 2024"]
[Source "ChessBase"]
[SourceDate "2023.10.10"]
[SourceVersion "1"]
[SourceVersionDate "2023.10.10"]
[SourceQuality "1"]

1. e4 c6 2. d4 d5 3. Nd2 dxe4 4. Nxe4 Nf6 5. Nxf6+ exf6 6. c3 Bd6 7. Bd3 Na6 8. Qc2 h5 9. Ne2 Nc7 10. Be3 Be6 11. c4 Bb4+ 12. Nc3 a5 13. 0-0 Kf8 14. Rad1 g6 15. f4 f5 16. d5 cxd5 17. cxd5 Nxd5 18. Nxd5 Qxd5 19. Be2 Qe4 20. Bc5+ Bxc5+ 21. Qxc5+ Kg7 22. Bf3 Qb4 23. Qe5+ Kh7 24. h3 Rhe8 25. Rd4 Qxb2 26. Rfd1 Bxa2 27. Qf6 Be6 28. Kh2 a4 29. R1d2 Qc1 30. Rd6 Kg8 31. Re2 Qxf4+ 32. Kg1 Qxd6 33. Bxh5 Rad8 34. Re3 Qd4 0-1